Normal view
MARC view
- Shelly, Gary B, Cashman, Thosmas J
Entry Personal Name
001 - CONTROL NUMBER
- control field: 65878
003 - CONTROL NUMBER IDENTIFIER
- control field: NUST
005 - DATE AND TIME OF LATEST TRANSACTION
- control field: 20210628203514.0
008 - FIXED-LENGTH DATA ELEMENTS
- fixed length control field: 210628|| aca||aabn | a|a d
040 ## - CATALOGING SOURCE
- Original cataloging agency: NUST
- Transcribing agency: NUST
100 ## - HEADING--PERSONAL NAME
- Personal name: Shelly, Gary B, Cashman, Thosmas J
670 ## - SOURCE DATA FOUND
- Source citation: Work cat.: (NUST): Shelly, Gary B, Cashman, Thosmas J, Discovering computers 2003, concepts for digital world web and xp enhanced, 2002
